| 000 -GUIDE |
| Champ de contrôle de longueur fixe |
01056nam a22002297a 4500 |
| 003 - IDENTITÉ DU NUMÉRO DE CONTRÔLE |
| Champ de contrôle |
BI-BuBU |
| 008 - ÉLÉMENTS DE LONGUEUR FIXE - RENSEIGNEMENTS GÉNÉRAUX |
| Champ de contrôle de longueur fixe |
260323b2025 bd f |||| 000 0 fre d |
| 037 ## - SOURCE D'ACQUISITION |
| Source d'acquisition et du numéro d'inventaire |
don de l'auteur |
| 039 ## - NIVEAU DE CONTRÔLE BIBLIOGRAPHIQUE ET HISTORIQUE D'ENCODAGE [OBSOLETE] |
| Date creation |
20260323125052.0 |
| Nom catalographe |
Edouard Niyonkuru |
| 040 ## - SOURCE DU CATALOGAGE |
| Organisme qui a effectué le catalogage original |
BI-BuBU |
| Code de la langue utilisée dans le catalogage |
eng |
| Organisme qui a effectué la transcription |
BI-BuBU |
| Organisme qui a effectué la modification |
BI-BuBU |
| 041 0# - CODE DE LANGUE |
| Code de langue du texte/de la piste sonore ou du titre distinct |
eng |
| 080 ## - INDICE DE LA CLASSIFICATION DÉCIMALE UNIVERSELLE (CDU) |
| Indice de la Classification décimale universelle |
372.880.20. |
| 100 1# - VEDETTE PRINCIPALE - NOM DE PERSONNE |
| Code de relation |
aut. |
| Nom de personne |
Niyonkuru, Evariste |
| 245 10 - MENTION DU TITRE |
| Titre |
Assessment of english-french false freinds use in simultaneous interpretation of trainees in Burundi |
| Mention de responsabilité, etc. |
Evariste Niyonkuru |
| 260 ## - PUBLICATION, DIFFUSION, ETC. (ADRESSE BIBLIOGRAPHIQUE) |
| Lieu de publication, diffusion, etc. |
Bujumbura |
| Nom de l'éditeur, diffuseur, etc. |
The University of Burundi , Faculty of arts and social sciences |
| 300 ## - DESCRIPTION MATÉRIELLE |
| Collation |
XXIV-72 f. |
| Dimensions |
30 cm. |
| 500 ## - NOTE GÉNÉRALE |
| Note générale |
A dissertation submitted to the faculty of arts and social sciences at the University of Burundi in partial fulfilment of the requirement for the award of the Master of arts( M.A.) degree in Translation and Interpretation |
| 650 #7 - VEDETTE-MATIÈRE - NOM COMMUN |
| Source du terme |
BI-BuBU |
| Vedette de sujet ou vedette comportant un nom géographique |
Anglais-Français(langue) |
| Subdivision générale |
Interpretation |
| Subdivision géographique |
Burundi |
| 650 #7 - VEDETTE-MATIÈRE - NOM COMMUN |
| Vedette de sujet ou vedette comportant un nom géographique |
Français-Anglais(langue) |
| Subdivision générale |
Interpretation |
| Subdivision géographique |
Burundi |
| Source du terme |
BI-BuBU |
| 655 #7 - TERME D'INDEXATION - GENRE OU FORME |
| Source du terme |
BI-BuBU |
| Données ou terme dominant sur le genre ou la forme |
book |
| 942 ## - ÉLÉMENTS D'ENTRÉE ADDITIONNELLE (KOHA) |
| Source de la classification ou du système de rangement |
|
| Type d item koha |
BOOK |